Hamburský přístav zavádí koncept "chytrých" silnic

Inteligentné verejné osvetlenie zvyšujúce bezpečnosť chodcov a cyklistov, analýza dát pre zlepšenie životného prostredia, senzory reagujúce na aktuálny pohyb na komunikáciách a tým aj lepšia koordinácia dopravy, prejazd mestom a detekcia kolízií v reálnom čase. V hamburskom prístave sa zavádza konce...

Ausführliche Beschreibung

Gespeichert in:
Bibliographische Detailangaben
1. Verfasser: Novotný, Radek
Format: Buchkapitel
Sprache:Tschechisch
Schlagworte:
Tags: Tag hinzufügen
Keine Tags, Fügen Sie das erste Tag hinzu!

MARC

LEADER 00000naa a2200000 4500
001 0209046
005 20231211081216.8
041 0 |a cze 
044 |a CZ 
245 1 0 |a Hamburský přístav zavádí koncept "chytrých" silnic  |c Radek Novotný 
520 |a Inteligentné verejné osvetlenie zvyšujúce bezpečnosť chodcov a cyklistov, analýza dát pre zlepšenie životného prostredia, senzory reagujúce na aktuálny pohyb na komunikáciách a tým aj lepšia koordinácia dopravy, prejazd mestom a detekcia kolízií v reálnom čase. V hamburskom prístave sa zavádza koncept inteligentnej dopravnej infraštruktúry SmartRoad. 
610 2 0 |a doprava cestná 
610 2 0 |a mestá 
610 2 0 |a prístavy 
610 2 0 |a infraštruktúra dopravná 
610 2 0 |a modernizácia 
610 2 0 |a technológie informačné 
610 2 0 |a technológie komunikačné 
610 2 0 |a Nemecko 
100 1 |a Novotný, Radek